Statistics for Science quiz #2 (Part 2 of Science quiz #1)

Click here to take the quiz!

General Stats

  • This quiz has been taken 7 times
  • The average score is 5 of 6

Answer Stats

HintAnswer% Correct
Stage 12Biosphere
100%
Stage 7Organism
100%
Stage 11Biome
75%
Stage 10Ecosystem
75%
Stage 8Population
75%
Stage 9Community
50%

Score Distribution

Percentile by Number Answered

Percent of People with Each Score

Your Score History

You have not taken this quiz